| 000 | 01067nam a22002057a 4500 | ||
|---|---|---|---|
| 999 |
_c58986 _d58986 |
||
| 003 | Ge_BSU | ||
| 005 | 20221027145114.0 | ||
| 008 | 221027s2002 ge ||||| |||| 00| 0 geo d | ||
| 041 | _ageo | ||
| 080 | _a657(075.8) მ-58 | ||
| 100 |
_aმესხია, იაკობ _915591 |
||
| 245 |
_aბუღალტრული აღრიცხვა საერთაშორისო სტანდარტებით _cიაკობ მესხია; დეზი მაღლაკელიძე, ნათელა ვაშაკიძე; რედ. ი. მესხია. |
||
| 264 |
_aთბილისი : _bბიზნეს-კურიერი, _c2002. |
||
| 300 |
_a352 გვ. ; _b20 სმ. |
||
| 653 | _aბუღალტრული აღრიცხვა | ||
| 700 |
_aმაღლაკელიძე, დეზი _eავტორი _915592 |
||
| 700 |
_aვაშაკიძე, ნათელა _eავტორი _915593 |
||
| 700 |
_aმესხია, ი. _eრედაქტორი _91037 |
||
| 942 |
_2udc _cBK |
||